| 000 | 00827nam a2200241 a 4500 | ||
|---|---|---|---|
| 001 | 49804 | ||
| 003 | BD-RjUL | ||
| 005 | 20211209054730.0 | ||
| 008 | 880808t19671964enk b 001 0 eng d | ||
| 035 | _a(BD-RjUL)49924 | ||
| 040 |
_aBD-RjUL _cTOL _beng _dBD-RjUL |
||
| 041 | _aeng | ||
| 082 |
_223 _a301.2018 _bJAR 1967 |
||
| 100 | 1 | 0 |
_aJarvie, I. C. _q(Ian Charles), _9149284 |
| 245 | 1 | 4 |
_aThe revolution in anthropology / _cby I. C. Jarvie ; with a foreward by Ernest Gellner |
| 260 |
_aLondon : _bRoutledge & Kegan Paul, _cc1967 |
||
| 300 |
_axxii, 256 p. ; _c23 cm |
||
| 504 | _aIncludes bibliography and index | ||
| 650 | 0 |
_aAnthropology _xMethodology _9149285 |
|
| 650 | 0 |
_aCargo cults _9149286 |
|
| 830 | 0 |
_aInternational library of sociology and social reconstruction (Routledge & Kegan Paul) _9116496 |
|
| 942 |
_2ddc _cBK |
||
| 999 |
_c49804 _d49804 |
||